| 000 | 00879cam a2200241 4500 | ||
|---|---|---|---|
| 001 | ABS64967 | ||
| 008 | 011217n2001 000 0 eng u | ||
| 035 | _a(Sirsi) u116020 | ||
| 100 | _aTinworth, A | ||
| 245 | 2 | _aA theorem for every floor | |
| 260 | _c2001 | ||
| 490 |
_aEstates Gazette _v(0147) 24 Novemeber 2001, 133-134(2) |
||
| 520 | _aExamines the development of Pythagoras, an object-orientated facilities management tool. This is arguably more sophisticated than its main competitors, Archibus and Peregine and allows complex analysis to be made from a graphic interface. | ||
| 590 | _aABS | ||
| 650 | _aPYTHAGORAS | ||
| 650 |
_aFACILITIES MANAGEMENT _96240 |
||
| 650 | _aCOMPUTER SYSTEMS | ||
| 650 | _aMANAGEMENT-BUSINESS MANAGEMENT-INFORMATION MANAGEMENT | ||
| 650 | _aPEARSON GROUP | ||
| 650 | _aGRAPHICS | ||
| 690 | _aSURVEYING SERVICES | ||
| 942 | _n0 | ||
| 999 |
_c69128 _d69128 |
||